=LDR 00000nam 2200000 4500 =001 INLIS000000000012286 =005 20130612103822 =008 ***********************************Ind** =035 ##$$0010-061300000012286 =041 ##$$a Ind =082 ##$$a 658.787 =090 ##$$a 658.787, Ran m =100 ##$$a Rangkuti, Freddy =245 ##$$a Manajemen persediaan aplikasi dibidang bisnis, Freddy Rangkuti =260 ##$$a 1996 $b Jakarta =300 ##$$a xi, 255 hlm., Ilus, 21 cm =650 ##$$a Manajemen Persediaan =850 ##$$a NBPNMAT =990 ##$$a 0001/BPAP-NTB/20142015 =990 ##$$a 2090101313/BPAP-NTB/2015 =990 ##$$a 0001/BPAP-NTB/2016 =990 ##$$a 0028/BPAP-NTB/2017